आई (Record no. 434693)

MARC details
000 -LEADER
fixed length control field 00357nam a2200145Ia 4500
008 - FIXED-LENGTH DATA ELEMENTS--GENERAL INFORMATION
fixed length control field 100122s9999 xx 000 0 und d
082 ## - DEWEY DECIMAL CLASSIFICATION NUMBER
Item number 58989
Classification number 396
100 ## - MAIN ENTRY--PERSONAL NAME
Personal name जोशी सरोज
245 ## - TITLE STATEMENT
Title आई
260 ## - PUBLICATION, DISTRIBUTION, ETC. (IMPRINT)
Name of publisher, distributor, etc ग्रंथाली प्रकाशन
Date of publication, distribution, etc 2000
300 ## - PHYSICAL DESCRIPTION
Extent 77
630 ## - SUBJECT ADDED ENTRY--UNIFORM TITLE
Uniform title आई
730 ## - ADDED ENTRY--UNIFORM TITLE
Uniform title आई
942 ## - ADDED ENTRY ELEMENTS (KOHA)
Koha item type Book
Holdings
Withdrawn status Lost status Damaged status Not for loan Home library Current library Date acquired Cost, normal purchase price Total Checkouts Full call number Barcode Date last seen Cost, replacement price Price effective from Koha item type Public note
        S.V. Pathak Library, Vile Parle S.V. Pathak Library, Vile Parle 12/26/2000 45.00   58989 SVPPARLE-58989 01/25/2010 45.00 01/25/2010 Book General NA